Neural networks and learning machines (Record no. 5407)
[ view plain ]
| 000 -LEADER | |
|---|---|
| fixed length control field | 00621nam a22002297a 4500 |
| 003 - CONTROL NUMBER IDENTIFIER | |
| control field | OSt |
| 005 - DATE AND TIME OF LATEST TRANSACTION | |
| control field | 20220107122821.0 |
| 008 - FIXED-LENGTH DATA ELEMENTS--GENERAL INFORMATION | |
| fixed length control field | 161017b xxu||||| |||| 00| 0 eng d |
| 020 ## - INTERNATIONAL STANDARD BOOK NUMBER | |
| International Standard Book Number | 9789332570313 |
| 040 ## - CATALOGING SOURCE | |
| Transcribing agency | IIITMK |
| 082 ## - DEWEY DECIMAL CLASSIFICATION NUMBER | |
| Classification number | R 006.32 HAY/N |
| 100 ## - MAIN ENTRY--PERSONAL NAME | |
| Personal name | Haykin, Simon |
| 9 (RLIN) | 10815 |
| 245 ## - TITLE STATEMENT | |
| Title | Neural networks and learning machines |
| Statement of responsibility, etc. | Simon Haykin |
| 250 ## - EDITION STATEMENT | |
| Edition statement | 3 |
| 260 ## - PUBLICATION, DISTRIBUTION, ETC. | |
| Place of publication, distribution, etc. | Chennai, |
| Name of publisher, distributor, etc. | Pearson India, |
| Date of publication, distribution, etc. | 2016. |
| 300 ## - PHYSICAL DESCRIPTION | |
| Extent | xxiv, 918p. |
| 650 ## - SUBJECT ADDED ENTRY--TOPICAL TERM | |
| Topical term or geographic name entry element | COMPUTER SCIENCE |
| 9 (RLIN) | 10816 |
| 650 ## - SUBJECT ADDED ENTRY--TOPICAL TERM | |
| Topical term or geographic name entry element | ARTIFICAL INTELLIGENCE |
| 9 (RLIN) | 10817 |
| 650 ## - SUBJECT ADDED ENTRY--TOPICAL TERM | |
| Topical term or geographic name entry element | NEURAL NETWORKS |
| 9 (RLIN) | 10818 |
| 650 ## - SUBJECT ADDED ENTRY--TOPICAL TERM | |
| Topical term or geographic name entry element | NEURODYNAMICS |
| 9 (RLIN) | 10819 |
| 942 ## - ADDED ENTRY ELEMENTS (KOHA) | |
| Source of classification or shelving scheme | Dewey Decimal Classification |
| Koha item type | Books |
| Withdrawn status | Lost status | Source of classification or shelving scheme | Damaged status | Use restrictions | Not for loan | Collection code | Home library | Current library | Shelving location | Date acquired | Cost, normal purchase price | Total Checkouts | Total Renewals | Full call number | Barcode | Date last seen | Date last checked out | Price effective from | Koha item type |
|---|---|---|---|---|---|---|---|---|---|---|---|---|---|---|---|---|---|---|---|
| Dewey Decimal Classification | Neural Network | Kerala University of Digital Sciences, Innovation and Technology Knowledge Centre | Kerala University of Digital Sciences, Innovation and Technology Knowledge Centre | 17/10/2016 | 487.00 | 2 | 2 | R 006.32 HAY/N | 4655 | 03/12/2020 | 11/10/2018 | 17/10/2016 | Reference | ||||||
| Dewey Decimal Classification | Neural Network | Kerala University of Digital Sciences, Innovation and Technology Knowledge Centre | Kerala University of Digital Sciences, Innovation and Technology Knowledge Centre | Computer Science | 17/10/2016 | 487.00 | 1 | 006.32 HAY/N; 1 | 4656 | 01/01/2025 | 29/10/2019 | 17/10/2016 | Books | ||||||
| Dewey Decimal Classification | Neural Network | Kerala University of Digital Sciences, Innovation and Technology Knowledge Centre | Kerala University of Digital Sciences, Innovation and Technology Knowledge Centre | Computer Science | 17/10/2016 | 487.00 | 4 | 006.32 HAY/N; 2 | 4657 | 31/12/2021 | 06/07/2021 | 17/10/2016 | Books | ||||||
| Dewey Decimal Classification | Neural Network | Kerala University of Digital Sciences, Innovation and Technology Knowledge Centre | Kerala University of Digital Sciences, Innovation and Technology Knowledge Centre | Computer Science | 17/10/2016 | 487.00 | 3 | 006.32 HAY/N; 3 | 4658 | 03/12/2020 | 25/11/2019 | 17/10/2016 | Books | ||||||
| Dewey Decimal Classification | Neural Network | Kerala University of Digital Sciences, Innovation and Technology Knowledge Centre | Kerala University of Digital Sciences, Innovation and Technology Knowledge Centre | Computer Science | 17/10/2016 | 486.00 | 7 | 006.32 HAY/N; 4 | 4659 | 30/01/2025 | 17/10/2022 | 17/10/2016 | Books |